000 00291nam a22001337a 4500
008 180119b xxu||||| |||| 00| 0 eng d
020 _a9782854951127
041 _aeng
080 _a7
100 _a44
101 _aart
245 _ayour visit to orsay
_cmettitais.v
942 _2udc
_cBK
999 _c40600
_d40600